A doctor's great commission. (Record no. 1657)

MARC details
000 -LEADER
fixed length control field 01086cam a22003611 4500
001 - CONTROL NUMBER
control field data
005 - DATE AND TIME OF LATEST TRANSACTION
control field 20260322212111.0
008 - FIXED-LENGTH DATA ELEMENTS--GENERAL INFORMATION
fixed length control field data
035 ## - SYSTEM CONTROL NUMBER
System control number 7925256
010 ## - LIBRARY OF CONGRESS CONTROL NUMBER
LC control number 55014051
035 ## - SYSTEM CONTROL NUMBER
-- (DLC) 55014051
035 ## - SYSTEM CONTROL NUMBER
System control number (OCoLC)1596763
040 ## - CATALOGING SOURCE
Original cataloging agency DLC
Transcribing agency MSohG
Modifying agency DLC
-- DLC
042 ## - AUTHENTICATION CODE
Authentication code premarc
050 00 - LIBRARY OF CONGRESS CALL NUMBER
Classification number BV3705.L3
Item number A3 1954
082 ## - DEWEY DECIMAL CLASSIFICATION NUMBER
Classification number [266.51]
-- [266.51]
100 1# - MAIN ENTRY--PERSONAL NAME
Personal name Lambie, Thomas A.
Fuller form of name (Thomas Alexander),
Dates associated with a name 1885-1954.
245 12 - TITLE STATEMENT
Title A doctor's great commission.
250 ## - EDITION STATEMENT
Edition statement [4th ed., enl.]
260 ## - PUBLICATION, DISTRIBUTION, ETC.
Place of publication, distribution, etc. Wheaton, Ill.,
Name of publisher, distributor, etc. Van Kampen Press
Date of publication, distribution, etc. [1954]
300 ## - PHYSICAL DESCRIPTION
Extent 288 p.
Other physical details illus.
Dimensions 21 cm.
336 ## - CONTENT TYPE
Content type term text
Content type code txt
Source rdacontent
337 ## - MEDIA TYPE
Media type term unmediated
Media type code n
Source rdamedia
338 ## - CARRIER TYPE
Carrier type term volume
Carrier type code nc
Source rdacarrier
650 #0 - SUBJECT ADDED ENTRY--TOPICAL TERM
Topical term or geographic name entry element Missions
Geographic subdivision Sudan.
650 #0 - SUBJECT ADDED ENTRY--TOPICAL TERM
Topical term or geographic name entry element Missions
Geographic subdivision Ethiopia.
650 #0 - SUBJECT ADDED ENTRY--TOPICAL TERM
Topical term or geographic name entry element Missions
Geographic subdivision Palestine.
650 #0 - SUBJECT ADDED ENTRY--TOPICAL TERM
Topical term or geographic name entry element Missions, Medical.
906 ## - LOCAL DATA ELEMENT F, LDF (RLIN)
a 7
b cbc
c oclcrpl
d u
e ncip
f 19
g y-gencatlg
985 ## -
-- OCLC REPLACEMENT cdsdistr
991 ## -
-- c-GenColl
-- BV3705.L3
-- A3 1954
-- Copy 1
-- OCLCREP
Holdings
Withdrawn status Lost status Damaged status Not for loan Home library Current library Shelving location Date acquired Total checkouts Full call number Barcode Date last seen Price effective from Koha item type
        Institut Protestant de Théologie Institut Protestant de Théologie General stacks 22/03/2026   276.2 LOC-IPT-00048 22/03/2026 22/03/2026 Books